000 00725cab a2200241 4500
001 WB3145-39
008 090401t1995 xxu||||| |||| 00| 0 eng d
035 _a(Sirsi) u40812
041 _aeng
245 _aVirtual real estate spreads Net wide
260 _c1995
350 _a0
490 _aTimes
_v29 November 1995, 49(1)
520 _aLooks at estate agents advertising property via Internet as a complementary service to traditional advertisements.
650 _aADVERTISING
650 _aELECTRONIC ADVERTISING
650 _aESTATE AGENTS
650 _aINTERNET
650 _aPROPERTY ADVERTISING
690 _aMANAGEMENT-BUSINESS MANAGEMENT-INFORMATION MANAGEMENT
942 _n0
948 _c04/03/1997
999 _c26156
_d26156